000 00640nam a22001937a 4500
999 _c191458
_d191458
005 20220826144449.0
010 _aENG-134711
020 _a9789382630050
_c695.00
035 _aEN-118243
037 _bDBAD/PUB
082 _a880.9
100 _aGopichand, P.
245 _aWonders and splendours in Indian fiction in english/
_cP. Gopichand and P. Nagasuseela
260 _aJaipur
_bAadi publications
_c2013
270 _af-11, S.S. tower, Dhamani Street, Chaura Rasta
_bJaipur
_e302003
_k01412311900
_maadipublication@gmail.com
300 _axii, 187p
_c22cm(hbk)
_bIndex
700 _aNagasuseela, P.
942 _2ddc
_cEN
_m880.9
_hGOP